000 00287nam a22001097a 4500
008 170118b xxu||||| |||| 00| 0 eng d
020 _a9780078139444
041 _aeng
080 _29TH
_a618.2
245 _aTAKING SIDES/ CLASHING VIEWS IN HEALTH AND SOCIETY
_cDANIEL, E.L
942 _2udc
_cBK
999 _c3075
_d3075